| 000 | 00378nam a2200145Ia 4500 | ||
|---|---|---|---|
| 008 | 230917s9999||||xx |||||||||||||| ||und|| | ||
| 040 |
_e149024 _aMAIN |
||
| 041 | _aEnglish | ||
| 082 | _a294.1 D213V | ||
| 100 | _aDange, Sadashiv A | ||
| 245 | 0 | _aVedic sacrifiices: Early nature. 2V | |
| 260 |
_aNew Delhi _bAryan Books International _c2000 |
||
| 300 | _a226 p. | ||
| 942 | _cBK | ||
| 999 |
_c105900 _d105900 |
||